| 000 | 00781nam a22002057a 4500 | ||
|---|---|---|---|
| 999 |
_c7345 _d7345 |
||
| 003 | AR-CdUCM | ||
| 008 | 190320b ||||| |||| 00| 0 spa d | ||
| 040 |
_aMUNICIPALIDAD PROVINCIAL DEL CUSCO _cBIBLIOTECA MUNICIPAL DEL CUSCO |
||
| 082 |
_a641.6 / _bOL44 |
||
| 100 |
_aOlivas Weston, Rosario _920694 |
||
| 245 |
_aTratado de dulces y licores de Moquegua : _b377 fórmulas secretas del siglo XIX heredadas por tradición familiar desde la colonia / |
||
| 260 |
_aPerú : _bCONCYTEC, _c1990. |
||
| 300 |
_a279 páginas ; _bilustraciones, _c20 cm. |
||
| 505 | _aContenido: Recetas de dulces -- Recetas de licores -- Otros. | ||
| 650 |
_aGastronomía _920695 |
||
| 650 |
_aRecetas dulces, licores _920696 |
||
| 650 |
_aMoquegua - Perú _920697 |
||
| 942 |
_2ddc _cLIBROS |
||
| 945 | _aachl | ||